<?xml version="1.0" encoding="UTF-8"?>
<record
    xmlns:xsi="http://www.w3.org/2001/XMLSchema-instance"
    xsi:schemaLocation="http://www.loc.gov/MARC21/slim http://www.loc.gov/standards/marcxml/schema/MARC21slim.xsd"
    xmlns="http://www.loc.gov/MARC21/slim">

  <leader>00911cam a22002411  4500</leader>
  <controlfield tag="001">sa 67005900 </controlfield>
  <controlfield tag="003">DLC</controlfield>
  <controlfield tag="005">20260227112401.0</controlfield>
  <controlfield tag="008">890801s1966    ii h          000 0 hino </controlfield>
  <datafield tag="010" ind1=" " ind2=" ">
    <subfield code="a">sa 67005900 </subfield>
  </datafield>
  <datafield tag="035" ind1=" " ind2=" ">
    <subfield code="a">(OCoLC)20109740</subfield>
  </datafield>
  <datafield tag="040" ind1=" " ind2=" ">
    <subfield code="a">DLC</subfield>
    <subfield code="c">WaU</subfield>
    <subfield code="d">NRU</subfield>
    <subfield code="d">DLC</subfield>
  </datafield>
  <datafield tag="042" ind1=" " ind2=" ">
    <subfield code="a">premarc</subfield>
  </datafield>
  <datafield tag="050" ind1="0" ind2="0">
    <subfield code="a">K2095.R32</subfield>
    <subfield code="b">J5 1966</subfield>
  </datafield>
  <datafield tag="100" ind1="0" ind2=" ">
    <subfield code="a">R&#x101;jasi&#x1E43;ha,</subfield>
    <subfield code="d">active 13th century.</subfield>
  </datafield>
  <datafield tag="245" ind1="1" ind2="0">
    <subfield code="a">Ji&#x1E47;adatta-carita;</subfield>
    <subfield code="b">&#x101;dik&#x101;lika Hind&#x12B; k&#x101;vya.</subfield>
    <subfield code="c">Racayit&#x101; R&#x101;jasi&#x1E43;ha. Samp&#x101;daka M&#x101;t&#x101;pras&#x101;da Gupta [tath&#x101;] Kast&#x16B;racanda K&#x101;sl&#x12B;v&#x101;la.</subfield>
  </datafield>
  <datafield tag="260" ind1=" " ind2=" ">
    <subfield code="a">Jayapura,</subfield>
    <subfield code="b">Gaind&#x12B;l&#x101;la S&#x101;ha, Mantr&#x12B;, Prabandha K&#x101;ri&#x1E47;&#x12B; Kame&#x1E6D;&#x12B;, Di. Jaina A. Kshetra &#x15A;r&#x12B;mah&#x101;v&#x12B;ra J&#x12B;</subfield>
    <subfield code="c">[1966]</subfield>
  </datafield>
  <datafield tag="300" ind1=" " ind2=" ">
    <subfield code="a">2, 39, 239 p.</subfield>
    <subfield code="b">fascim.</subfield>
    <subfield code="c">22 cm.</subfield>
  </datafield>
  <datafield tag="440" ind1=" " ind2="0">
    <subfield code="a">&#x15A;r&#x12B;mah&#x101;v&#x12B;ra grantham&#x101;l&#x101; ;</subfield>
    <subfield code="v">pushpa 11</subfield>
  </datafield>
  <datafield tag="500" ind1=" " ind2=" ">
    <subfield code="a">In Hindi.</subfield>
  </datafield>
  <datafield tag="700" ind1="1" ind2=" ">
    <subfield code="a">Gupta, M&#x101;t&#x101;pras&#x101;da,</subfield>
    <subfield code="d">1909-1969.</subfield>
  </datafield>
  <datafield tag="700" ind1="1" ind2=" ">
    <subfield code="a">Kasliwal, Kastoor Chand,</subfield>
    <subfield code="d">1920-</subfield>
  </datafield>
  <datafield tag="999" ind1=" " ind2=" ">
    <subfield code="c">75537</subfield>
    <subfield code="d">75537</subfield>
  </datafield>
</record>
